Omar Hamid

N/A


Categories

Science - Physics1800953881.4400
Science - Biology4200803467.8304
Fine Arts - Music1500653377.8312
Literature - European1400555388.2001
Science - Chemistry0500507394.2000
RMP - Greco-Roman Mythology1300454986.7501
Fine Arts - Painting1200353876.0001
Literature - World and Miscellaneous2000305962.0001
RMP - Islam1100253077.0001
Science - Earth1100257191.5011
Geography - World1000153333.0000
RMP - Philosophy1000154949.0000
RMP - Other Religion0100108888.0000
RMP - World Mythology010010129129.0000
Science - Astronomy0100107979.0000
RMP - Buddhism0100109494.0000
Fine Arts - Ballet/Dance0100106969.0000
Literature - British010010114114.0000
Fine Arts - Opera010010144144.0000
Fine Arts - Miscellaneous010010120120.0000
Science - Engineering and Miscellaneous010010120120.0000
Science - Math010010123123.0000
RMP - Jewish Practice000000.0000

Buzzes

RMP - IslamJibril2030
Fine Arts - MusicRichard Strauss2033
Geography - WorldMekong River2033
Science - BiologyDNA sequences2034
Fine Arts - PaintingFrans Hals2038
Science - Physicsspin angular momentum2038
Science - Biologyantibodies2044
RMP - PhilosophyBertrand Russell2049
RMP - Greco-Roman Mythologyshields2049
Science - Physicsmoment of inertia1050